000
00305nam a2200121Ia 4500
008
191201s2009 xx 000 0 und d
100
_a
KARRAY, Fakhreddine
245
0
_a
Soft Computing and Intelligent System Design
260
_b
Pearsons
_c
2009
300
_a
560
650
_a
B.Tech(IT)
942
_2
ddc
_c
BK
999
_c
7056
_d
7056